- Distrito Federal (México)
Entry Nombre Geográfico
001 - NÚMERO DE CONTROL
- campo de control: 26663
003 - IDENTIFICADOR DE NUMERO DE CONTROL
- campo de control: MX-MxUPN
005 - FECHA Y HORA DE LA ÜLTIMA TRANSACCIÓN
- campo de control: 20230919193204.0
008 - DATOS DE LONGITUD FIJA
- campo de control de longitud fija: 230919na fcnnnbaba a ana |d
035 ## - NÚMERO DE CONTROL
- Número de control: UPN10000026672
040 ## - FUENTE DE CATALOGACIÓN
- Lenguaje de catalogación: spa
- Agencia de catalogación original: MX-MxUPN
151 ## - ENCABEZAMIENTO - NOMBRE GEOGRÁFICO
- Nombre geográfico: Distrito Federal (México)
- Subdivisión general : Sismo, 1985
450 ## - VER DESDE EL RASTREO--TÉRMINO TÓPICO
- Topical term or geographic name entry element: Mexico City Earthquake, Mexico, 1985
450 ## - VER DESDE EL RASTREO--TÉRMINO TÓPICO
- Topical term or geographic name entry element: Sismo de la Ciudad de México, 1985
451 ## - VER DESDE EL RASTREO--NOMBRE GEOGRÁFICO
- Geographic name: México (D.F.)
- General subdivision: Sismo, 1985
- Control subfield: nno
451 ## - VER DESDE EL RASTREO--NOMBRE GEOGRÁFICO
- Geographic name: Ciudad de México
- General subdivision: Sismo, 1985
451 ## - VER DESDE EL RASTREO--NOMBRE GEOGRÁFICO
- Geographic name: Ciudad de México
- General subdivision: Terremoto, 1985
670 ## - FUENTE EN LA QUE SE LOCALIZARON DATOS
- Cita de la fuente: Autoridades LIBRUNAM, 19 septiembre 1985 :
- Información localizada: (Terremoto de la Ciudad de México, 1985)
- Uniform Resource Identifier: https://librunam.dgb.unam.mx/
670 ## - FUENTE EN LA QUE SE LOCALIZARON DATOS
- Cita de la fuente: Autoridades BGTQ, 19 septiembre 2023 :
- Información localizada: (Distrito Federal (México))
670 ## - FUENTE EN LA QUE SE LOCALIZARON DATOS
- Cita de la fuente: Autoridades BGTQ, 19 septiembre 1985:
- Información localizada: (Encabezamiento anterior: México (D.F.) -- Sismo, 1985)
902 ## - CATALOGADOR
- Catalogador: MCM/111199
- Catalogador: VíctorGodínez/190923
